LEADER 01272nam a2200277 4500 001 000000363089 003 CaOOAMICUS 005 20250612141334.0 008 250609s2022 it 000 u ita r 040 $aSeMil$bita 100 1 $aMorton, Nicholas.$0(OLS)http://semarc/name/122166 240 14$aThe Medieval Military Orders.$0(OLS)http://semarc/title/454201 245 14$aGli ordini religiosi militari :$bin difesa della Terrasanta /$cNicholas Morton. 264 1$aMilano :$bSan Paolo ;$aBologna :$bIl Mulino,$c2022. 300 $a220 p. ;$c21 cm 490 1 $aSorprendente Medioevo 650 4$aOrdini cavallereschi - Storia - Medioevo.$0(OLS)http://semarc/subject/57838 650 4$aTerra Santa - Storia.$0(OLS)http://semarc/subject/918 830 0$aSorprendente Medioevo.$0(OLS)http://semarc/title/454204 850 $aSeMil 852 $aSeMil$W1$xVenegono$y1$m3T II 103$j258450$B253962$CSeMilBibl$Z2$F253962 $81 961 $aCaspani Maurizio - Lascito 996 $6245$aGli ordini religiosi militari :$bin difesa della Terrasanta$9(OLS)http://semarc/title/454202 996 $6264$aMilano :$bSan Paolo$9(OLS)http://semarc/publisher/31226 996 $6264$aBologna :$bIl Mulino$9(OLS)http://semarc/publisher/29842 LEADER 00956nam a2200217 i 4500 001 000000032116 003 CaOOAMICUS 005 20221025101303.0 008 180830s19051906gw u000 u mul u 040 $aSeMil$bita 240 10$aDoctrina duodecim Apostolorum.$0(OLS)http://semarc/title/43580 245 10$aDidascalia et constitutiones apostolorum /$cedidit Franciscus Xaverius Funk. 264 1$aPaderbornae :$bIn Libraria Ferdinandi Schöningh,$c1905-1906. 300 $a2 v. ;$c23 cm. 650 4$aDidachè.$0(OLS)http://semarc/subject/58456 700 1 $aFunk, Franz Xaver : von,$d<1840-1907>.$0(OLS)http://semarc/name/5213 774 0 $tVol. 1.$w()58506 774 0 $tVol. 2: Testimonia et Scripturae propinquae.$w()243270 996 $6245$aDidascalia et constitutiones apostolorum$9(OLS)http://semarc/title/43579 996 $6264$aPaderbornae :$bIn Libraria Ferdinandi Schöningh$9(OLS)http://semarc/publisher/39178